1663 1419 1384 1421 1722 1271 1248 1143 1985 1515 1392 1001 1930 1144 1446 1986 1444 1017 1292 1240 1577 1142 1464 1796 1308 1824 1303 1467 1484 1565 1398 1039 1955 1670 1496 1261 1422 1898 1690 1335 1004 1700 1984 1540 1779 1398 1655 1018 1495 1857 1598 1062 1522 1906 1654 1211 1400 1965 1077 1853 1610 1033 1688 1875 1740 1173 1850 1357 1196 1584 1505 1507 1705 1289 1977 1639 1392 1851 1724 1263 1457 1801 1672 1678 1422 1718 1055 1832 1697 1543 1263 1260 1855 1736 1837 1041 1435 1599 1000 BCNSPRNW ULIB Ver.6.0+V

เปลี่ยนเป็นภาษาไทย

Change to English
 แสดงรายละเอียดบรรณานุกรม
  กลับหน้าหลัก

Brief Record : Get Marc (ISO 2709) : E-mail record : QR code < ปิดหน้าต่าง
LEADER : 00000nam 2200000uu 4500
001    13399127238
003     ULIB
008    200302s2561||||th 000 0 tha d
020    ^a9786169284710
060    ^aWO275^bน263ว
100    ^aนรุตม์ เรือนอนุกูล เบญจรัตน์ หยกอุบล อรลักษณ์ รอดอนันต์ และฐิติกัญญา ดวงรัตน์
245    ^aวิสัญญีบริบาลทันยุค
250    ^aพิมพ์ครั้งที่ 2
260    ^aกรุงเทพฯ :^bธนาเพรส,^c2561
300    ^a360 หน้า^bภาพประกอบ, ตาราง, ภาคผนวก
650    ^aวิสัญญี
945    ^p290^l0^i006422
945    ^p290^l0^i006423
945    ^p290^l0^i006424
945    ^p290^l0^i006425
945    ^p290^l0^i006426
999    ^aอังศุธร กาญจนาโรจน์พันธ์
รายการนี้ยังไม่มีแท็ก
คุณยังไม่ได้ล็อกอิน คุณสามารถมีกิจกรรมร่วมกับเว็บไซต์ได้ แต่ต้องล็อกอินก่อน ::
  ล็อกอิน

รายการสื่อสารสนเทศ

ลำดับที่ ประเภท เลขเรียก/บาร์โค้ด สถานที่ สถานะ
1. วิทยาศาสตร์การแพทย์ และสุขภาพ
หนังสือสำรอง
สถานะ=หนังสือสำรอง
WO275 น263ว ฉ.1 
  Barcode: 006422
ห้องสมุดวิทยาเขตสวรรค์ประชารักษ์
►หนังสือทั่วไป
บนชั้น
2. วิทยาศาสตร์การแพทย์ และสุขภาพ
วิทยาศาสตร์การแพทย์ และสุขภาพ
WO275 น263ว ฉ.2 
  Barcode: 006423
ห้องสมุดวิทยาเขตสวรรค์ประชารักษ์
►หนังสือทั่วไป
บนชั้น
3. วิทยาศาสตร์การแพทย์ และสุขภาพ
วิทยาศาสตร์การแพทย์ และสุขภาพ
WO275 น263ว ฉ.3 
  Barcode: 006424
ห้องสมุดวิทยาเขตสวรรค์ประชารักษ์
►หนังสือทั่วไป
บนชั้น
4. วิทยาศาสตร์การแพทย์ และสุขภาพ
วิทยาศาสตร์การแพทย์ และสุขภาพ
WO275 น263ว ฉ.4 
  Barcode: 006425
ห้องสมุดวิทยาเขตสวรรค์ประชารักษ์
►หนังสือทั่วไป
บนชั้น
5. วิทยาศาสตร์การแพทย์ และสุขภาพ
วิทยาศาสตร์การแพทย์ และสุขภาพ
WO275 น263ว ฉ.5 
  Barcode: 006426
ห้องสมุดวิทยาเขตสวรรค์ประชารักษ์
►หนังสือทั่วไป
บนชั้น

รายการใกล้เคียง
    ชื่อเรื่อง [วิสัญญีบริบาลทันยุค]

    ผู้แต่ง [นรุตม์ เรือนอนุกูล เบญจรัตน์ หยกอุบล อรลักษณ์ รอดอนันต์ และฐิติกัญญา ดวงรัตน์]

    หัวเรื่อง [วิสัญญี]

BibComment


ยังไม่เคยถูกคอมเมนท์

คอมเมนท์ทรัพยากรรายการนี้
  คอมเมนท์: วิสัญญีบริบาลทัน..


 Copyright 2026. Bcnsprnw @Library